000 00687cab a2200241 4500
001 ABS44101
008 090401t1991 xxu||||| |||| 00| 0 eng d
035 _a(Sirsi) u45355
041 _aeng
100 _aPascoe, C.
245 _aDIY assured tenancy companies
260 _c1991
350 _a0
490 _aLaw Society`s Gazette
_v88(5) 6 February 1991, 18-19(2)
520 _aExplains how setting up an assured tenancy company under BES can enable purchasers to obtain a 40% discount on the price of property.
650 _aASSURED TENANCIES
650 _aMARKET
650 _aRECESSION
650 _aSLUMP
690 _aHOUSING
942 _n0
948 _c04/03/1997
999 _c28802
_d28802